مكتبة جامعة عجلون الوطنية

فهرس بحث المكتبة

Normal view MARC view
  • مؤتمر"التجارة الالكترونية تجارة بلا حدود "بالتعاون مع غرفة تجارة الاردن عمان-ديسمبر2010،ندوة"اثر التجارة الالكترونية العالمية على اقتصاديات البلدان العربية"القاهرة

Entry Personal Name

Number of records used in: 1

001 - CONTROL NUMBER

  • control field: 34295

003 - CONTROL NUMBER IDENTIFIER

  • control field: JO-AjAnu

005 - DATE AND TIME OF LATEST TRANSACTION

  • control field: 20230606075739.0

008 - FIXED-LENGTH DATA ELEMENTS

  • fixed length control field: 230606|| aca||aabn | a|a d

040 ## - CATALOGING SOURCE

  • Original cataloging agency: JO-AjAnu
  • Transcribing agency: JO-AjAnu

100 ## - HEADING--PERSONAL NAME

  • Personal name: مؤتمر"التجارة الالكترونية تجارة بلا حدود "بالتعاون مع غرفة تجارة الاردن عمان-ديسمبر2010،ندوة"اثر التجارة الالكترونية العالمية على اقتصاديات البلدان العربية"القاهرة

670 ## - SOURCE DATA FOUND

  • Source citation: Work cat.: (JO-AjAnu)17612: مؤتمر"التجارة الالكترونية تجارة بلا حدود "بالتعاون مع غرفة تجارة الاردن عمان-ديسمبر2010،ندوة"اثر التجارة الالكترونية العالمية على اقتصاديات البلدان العربية"القاهرة, author, التجارة الالكترونية-تجارة بلا حدود